Capitalists without capitalism (Record no. 535465)

MARC details
000 -LEADER
fixed length control field 00770nam a2200253Ia 4500
003 - CONTROL NUMBER IDENTIFIER
control field OSt
005 - DATE AND TIME OF LATEST TRANSACTION
control field 20220925200117.0
008 - FIXED-LENGTH DATA ELEMENTS--GENERAL INFORMATION
fixed length control field 220923b |||||||| |||| 00| 0 eng d
037 ## - SOURCE OF ACQUISITION
Terms of availability General Book
040 ## - CATALOGING SOURCE
Original cataloging agency RTL
Transcribing agency RTL
Language of cataloging eng
041 ## - LANGUAGE CODE
Source of code eng
Language code of text/sound track or separate title eng
100 ## - MAIN ENTRY--PERSONAL NAME
Personal name Nevaskar Balvant
245 #0 - TITLE STATEMENT
Title Capitalists without capitalism
Remainder of title The Jains of India
260 ## - PUBLICATION, DISTRIBUTION, ETC.
Place of publication, distribution, etc. Conneoticut
Name of publisher, distributor, etc. Greenword Publishing Corp
Date of publication, distribution, etc. 1971
300 ## - PHYSICAL DESCRIPTION
Extent xxvii, 252p
Dimensions cm.
490 ## - SERIES STATEMENT
Series statement Contributions in Sociology.6
500 ## - GENERAL NOTE
General note Glossary: P 241-46; Appendix: P 237-40
650 ## - SUBJECT ADDED ENTRY--TOPICAL TERM
Topical term or geographic name entry element Hindus
942 ## - ADDED ENTRY ELEMENTS (KOHA)
Classification part Y73(Q3):3(X).2.N7, L1
Koha item type General Books
Source of classification or shelving scheme Colon Classification (CC)

No items available.

Copyright @ Delhi University Library System